William Shakespeare :The Complete Works / (Record no. 182279)

MARC details
000 -LEADER
fixed length control field 00681nam a22002177a 4500
005 - DATE AND TIME OF LATEST TRANSACTION
control field 20211108105251.0
010 ## - LCCN (DPL NO)
LC control number EN230921
020 ## - INTERNATIONAL STANDARD BOOK NUMBER
International Standard Book Number 9788124802731 (Vol.1)
Terms of availability 750.00
020 ## - INTERNATIONAL STANDARD BOOK NUMBER
International Standard Book Number 9788124802748 (Vol.2)
Terms of availability 750.00
020 ## - INTERNATIONAL STANDARD BOOK NUMBER
International Standard Book Number 9788124802755 (Vol.3)
Terms of availability 750.00
020 ## - INTERNATIONAL STANDARD BOOK NUMBER
International Standard Book Number 9788124802762 (Vol.4)
Terms of availability 750.00
037 ## - SOURCE OF ACQUISITION
Source of stock number/acquisition Peacock Books
100 ## - MAIN ENTRY--PERSONAL NAME
Personal name Sharma,R.S.
245 ## - TITLE STATEMENT
Title William Shakespeare :The Complete Works /
Statement of responsibility, etc By R.S.Sharma [and] Ratri Ray
260 ## - PUBLICATION, DISTRIBUTION, ETC. (IMPRINT)
Place of publication, distribution, etc New Delhi
Name of publisher, distributor, etc Peacock Books
Date of publication, distribution, etc 2022
270 ## - ADDRESS
Address 7/12,Ansari Road,Daryaganj,
City New Delhi
Postal code 110002
300 ## - PHYSICAL DESCRIPTION
Extent 4V(456;870;1260;1692)p.
Dimensions 25cm(Hb)
490 ## - SERIES STATEMENT
Volume number/sequential designation 4volume
700 ## - ADDED ENTRY--PERSONAL NAME
Personal name Ray,Ratri
942 ## - ADDED ENTRY ELEMENTS (KOHA)
Source of classification or shelving scheme Dewey Decimal Classification
Item type English Books
Call number suffix SHA

No items available.


© Delhi Public Library
Hit Counter
free hit counter